000 00490nam a2200181Ia 4500
005 20250603145414.0
008 250603s9999 xx 000 0 und d
020 _a9781032344751
050 _aRA 565 .N36/
100 _aEdited by Srivastava, Rohit ; Debnath, Sujit Kumar and Prasad, Rajendra
245 0 _aNanomaterials in healthcare
260 _aBoca Raton
260 _bCRC Press
260 _c2024
300 _axx, 354 p. : ill. 24 cm.
650 _aBoca Raton
942 _cBK
999 _c41764
_d41764